Días de la Semana en Europa - Estadísticas

Estadísticas generales
  • Esta prueba ha sido intentada 3.307 veces
  • La puntuación promedio es 13 de 21
Estadísticas de respuestas
Día Lenguaje Palabra % Correcto
Lunes Inglés Monday
99%
Viernes Inglés Friday
96%
Domingo Inglés Sunday
96%
Sábado Inglés Saturday
95%
Martes Inglés Tuesday
95%
Jueves Inglés Thursday
94%
Miércoles Inglés Wednesday
91%
Lunes Francés Lundi
68%
Martes Francés Mardi
66%
Miércoles Francés Mercredi
64%
Viernes Francés Vendredi
58%
Domingo Francés Dimanche
56%
Jueves Francés Jeudi
54%
Sábado Francés Samedi
53%
Lunes Alemán Montag
37%
Viernes Alemán Freitag
32%
Domingo Alemán Sonntag
28%
Jueves Alemán Donnerstag
27%
Miércoles Alemán Mittwoch
27%
Sábado Alemán Samstag
27%
Martes Alemán Dienstag
26%
No se encontraron pruebas coincidentes
Distribución de puntuación
Porcentaje de gente con cada puntuación
Porcentaje por número respondido
Historial de tus puntuaciones
No has intentado esta prueba.